| 000 | 01650nkm a2200337 i 4500 | ||
|---|---|---|---|
| 001 | 4343 | ||
| 003 | ES-MaACL | ||
| 005 | 20250713063021.0 | ||
| 007 | khrbo | ||
| 008 | 070710s1988 sp --- g |001||spa d | ||
| 100 | 0 |
_aAlfonso, _d1902-1990 _919858 |
|
| 245 | 1 | 0 |
_aInauguración de la exposición "Recordando a Vallejo" [ _hFotografía] / _cAlfonso (sello). |
| 260 |
_a[S.l. : _bs.n.], _c1988. |
||
| 300 |
_a6 fot. : _bb. y n. ; _c12 x 18 cm. |
||
| 490 | 1 | _aCincuenta aniversario de la muerte de César Vallejo | |
| 500 | _aDatos basados en invitación. | ||
| 511 | 0 | _aIntervienen: José Prat, Juan José Calle, José Luis Abellán; actuación del grupo musical "Trilce" | |
| 518 | _aActo organizado por la Sección Iberoamericana del Ateneo de Madrid en colaboración con la Embajada del Perú, celebrado en el salón de actos el jueves, 26 de mayo de 1988, a las 18:00 h. | ||
| 600 | 1 | 4 |
_aCalle, Juan José. _933696 |
| 600 | 1 | 4 |
_aPrat, José, _d1905-1994 _993665 |
| 600 | 1 | 4 |
_aAbellán, José Luis, _d1933-2023 _9176509 |
| 600 | 1 | 4 |
_aVallejo, César, _d1892-1938 _9112833 |
| 610 | 2 | 4 |
_aAteneo de Madrid- _xActos culturales- _y1988- _vFotografías. _91903 |
| 710 | 2 |
_aAteneo de Madrid. _bSección Iberoamericana. _92012 |
|
| 710 | 1 |
_aPerú. _bEmbajada (España) _96213 |
|
| 830 | 0 |
_aCincuenta aniversario de la muerte de César Vallejo _9176530 |
|
| 852 |
_aES-MaACL _jFOT 157/1988 |
||
| 856 | 4 |
_uhttp://www.ateneodemadrid.net/biblioteca_digital/imagenes/1988/0157_01-1988.jpg _zVer imagen |
|
| 856 | 4 |
_uhttp://www.ateneodemadrid.net/biblioteca_digital/imagenes/1988/0157_02-1988.jpg _zVer imagen |
|
| 999 |
_c4343 _d4343 |
||